000 00434nam a2200157Ia 4500
008 210719s1978 xx 000 0 und d
041 _aeng
082 _a303.484 RAOS
100 _aRAO (M S A)
245 _aSocial movements in India. Vol 1. Peasant and Backward classes movements.
260 _aNew Delhi.
_bManohar Publications.,
_c1978
300 _axxiv,250
_bHB
365 _b65
_cRs
440 _v1
650 _aSocial Change
999 _c212703
_d212703